| 000 | 00737nam a2200241 4500 | ||
|---|---|---|---|
| 001 | 136375 | ||
| 003 | ES-MaACL | ||
| 005 | 20250729081833.0 | ||
| 007 | t| | ||
| 008 | 070214s1983 sp r ||||1| spa d | ||
| 080 | _a575.8 | ||
| 080 | _a141.155 | ||
| 100 | 1 |
_aRuse, Michael. _9101015 |
|
| 245 | 1 | 3 |
_aLa revolución darwinista _b: (la ciencia al rojo vivo) / _cMichael Ruse ; versión... de Carlos Castrodeza. |
| 260 |
_aMadrid : _bAlianza, _c1983. |
||
| 300 |
_a355 p. : _bil. ; _c20 cm. |
||
| 490 | 1 |
_aAlianza universidad ; _v372 |
|
| 650 | 7 |
_aEvolucionismo _2embne _912629 |
|
| 700 | 1 |
_aCastrodeza, Carlos. _936985 |
|
| 830 | 0 |
_aAlianza universidad ; _v372 _9177276 |
|
| 852 | 4 |
_aES-MaACL _jL-5627 |
|
| 999 |
_c136375 _d136375 |
||